[Event "White Rock Semiahmoo op"]
[Site "White Rock"]
[Date "2018.08.05"]
[Round "3.6"]
[White "Chung, Alec"]
[Black "Ferguson, Peter"]
[Result "0-1"]
[WhiteElo "1938"]
[BlackElo "2067"]
[PlyCount "118"]
[EventDate "2018.08.04"]
[EventType "swiss"]
[EventRounds "6"]
[EventCountry "CAN"]
[SourceTitle "EXT 2022"]
[Source "ChessBase"]
[SourceDate "2021.10.06"]
[SourceVersion "1"]
[SourceVersionDate "2021.10.06"]
[SourceQuality "1"]

1. c4 g6 2. Nc3 Bg7 3. g3 d6 4. Bg2 Nh6 5. e4 0-0 6. Nge2 f5 7. exf5 Nxf5 8. 0-0 c5 9. Rb1 Nc6 10. a3 Nfd4 11. b4 Bg4 12. h3 Bf3 13. d3 Qd7 14. Be3 Nxe2+ 15. Nxe2 Ne5 16. Bxf3 Nxf3+ 17. Kg2 Qc6 18. Rg1 Nxg1+ 19. Kxg1 b6 20. Qd2 Qd7 21. Kh2 Rf5 22. Nf4 Raf8 23. b5 Be5 24. Re1 Bxf4 25. Bxf4 Rh5 26. h4 Qg4 27. Re4 Qf3 28. Re3 Rxh4+ 29. gxh4 Qxf4+ 30. Kh3 e5 31. Kg2 Rf5 32. Qe2 Qxh4 33. Rh3 Rg5+ 34. Rg3 Rh5 35. Qe1 Qh2+ 36. Kf1 Qh1+ 37. Rg1 Qf3 38. Qe4 Qxe4 39. dxe4 Kf7 40. Ke2 Rh3 41. f3 Rh2+ 42. Ke3 Ra2 43. Rc1 Rxa3+ 44. Kf2 Ra4 45. Kg3 Kf6 46. Kg4 h5+ 47. Kh4 Ra3 48. Kg3 Kg5 49. Rc2 h4+ 50. Kh2 Rxf3 51. Rg2+ Kf6 52. Ra2 g5 53. Rxa7 g4 54. Rb7 Rf2+ 55. Kg1 Rc2 56. Rxb6 Kg5 57. Rb8 h3 58. b6 g3 59. Rh8 Rc1# 0-1

[Event "Gatineau Outaouais op"]
[Site "Gatineau"]
[Date "1997.11.01"]
[Round "3"]
[White "Ferguson, Peter"]
[Black "Hergott, Deen"]
[Result "1/2-1/2"]
[WhiteElo "2170"]
[BlackElo "2362"]
[PlyCount "58"]
[EventDate "1997.10.31"]
[EventType "swiss"]
[EventRounds "5"]
[EventCountry "CAN"]
[SourceTitle "EXT 2022"]
[Source "ChessBase"]
[SourceDate "2021.10.06"]
[SourceVersion "1"]
[SourceVersionDate "2021.10.06"]
[SourceQuality "1"]

1. e4 e6 2. d4 d5 3. e5 c5 4. Nf3 cxd4 5. Bd3 Nc6 6. 0-0 f6 7. Qe2 fxe5 8. Nxe5 Nxe5 9. Qxe5 Nf6 10. Bb5+ Kf7 11. Qxd4 Bd6 12. Bf4 Bxf4 13. Qxf4 Qb6 14. Nc3 Rf8 15. a4 Kg8 16. a5 Qc5 17. Bd3 Bd7 18. Rfe1 Nh5 19. Qd2 Nf4 20. Bf1 Rf6 21. Re5 Qb4 22. g3 Ng6 23. Re2 Kh8 24. f4 Qxb2 25. Rb1 Qa3 26. Ne4 Rff8 27. Rb3 Qe7 28. Rxb7 Rad8 29. Ng5 Qc5+ 1/2-1/2

[Event "Ottawa RA CC ch"]
[Site "Ottawa"]
[Date "1997.01.16"]
[Round "2"]
[White "Hergott, Deen"]
[Black "Ferguson, Peter"]
[Result "1-0"]
[WhiteElo "2511"]
[BlackElo "2246"]
[PlyCount "49"]
[EventDate "1997.01.09"]
[EventType "swiss"]
[EventRounds "7"]
[EventCountry "CAN"]
[SourceTitle "EXT 2022"]
[Source "ChessBase"]
[SourceDate "2021.10.06"]
[SourceVersion "1"]
[SourceVersionDate "2021.10.06"]
[SourceQuality "1"]

1. d4 f5 2. Bg5 g6 3. e3 Bg7 4. h4 h6 5. Bf4 d6 6. Bc4 e6 7. Nc3 Qe7 8. Qf3 Nf6 9. 0-0-0 0-0 10. Nge2 Kh7 11. Bg5 hxg5 12. hxg5+ Nh5 13. Nf4 Rh8 14. g4 fxg4 15. Qe4 Kg8 16. Nxg6 Qxg5 17. Bxe6+ Bxe6 18. Qxe6+ Kh7 19. Nxh8 Bxh8 20. Qe4+ Kh6 21. Rxh5+ Qxh5 22. Rh1 Nc6 23. Rxh5+ Kxh5 24. Qh7+ Kg5 25. Ne4# 1-0

[Event "Aylmer op"]
[Site "Aylmer"]
[Date "1994.11.26"]
[Round "3"]
[White "Palsson, Halldor Peter"]
[Black "Ferguson, Peter"]
[Result "1-0"]
[WhiteElo "2197"]
[BlackElo "2161"]
[PlyCount "139"]
[EventDate "1994.11.25"]
[EventType "swiss"]
[EventRounds "5"]
[EventCountry "CAN"]
[SourceTitle "EXT 2022"]
[Source "ChessBase"]
[SourceDate "2021.10.06"]
[SourceVersion "1"]
[SourceVersionDate "2021.10.06"]
[SourceQuality "1"]

1. d4 Nf6 2. c4 g6 3. Nc3 Bg7 4. e4 d6 5. f3 0-0 6. Be3 e5 7. d5 Nh5 8. Bd3 f5 9. exf5 gxf5 10. Nge2 Nd7 11. 0-0 Qe7 12. Qd2 Ndf6 13. Bg5 Bd7 14. Rae1 Qf7 15. Kh1 Kh8 16. Qc2 Qg6 17. Be3 Bh6 18. Bxh6 Qxh6 19. Bxf5 Bxf5 20. Qxf5 Nxd5 21. Qh3 Nxc3 22. Nxc3 Qg5 23. Nd5 Nf4 24. Nxf4 Rxf4 25. b3 Rg8 26. g3 Rf5 27. Kg1 Rgf8 28. Qg2 c6 29. Rd1 Qf6 30. Qe2 Qe6 31. Qe4 Rg8 32. Rxd6 Qxd6 33. Qxf5 Rf8 34. Qe4 Qc5+ 35. Kg2 Rd8 36. Re1 Rd2+ 37. Re2 Qd6 38. Kf2 Qc5+ 39. Qe3 Rxe2+ 40. Kxe2 Qa5 41. a4 Kg7 42. Qg5+ Kf7 43. Qf5+ Kg7 44. f4 Qb4 45. Qxe5+ Kf7 46. Qe3 Qa3 47. h4 Qb2+ 48. Kf3 Qb1 49. f5 Qd1+ 50. Qe2 Qxb3+ 51. Kf4 Qc3 52. Qe6+ Kf8 53. Qc8+ Ke7 54. Qxb7+ Kd6 55. Qb8+ Kd7 56. Qxa7+ Kd6 57. Qb8+ Kd7 58. Qb7+ Kd6 59. Qxh7 Qxc4+ 60. Kg5 Qc1+ 61. Kh5 Qd1+ 62. g4 Qxa4 63. f6 Qa5+ 64. Kg6 Qa4 65. Qe7+ Kd5 66. Qd7+ Kc4 67. f7 Qa3 68. Qxc6+ Kd4 69. Qf6+ Kd5 70. f8Q 1-0

[Event "Aylmer op"]
[Site "Aylmer"]
[Date "1994.11.25"]
[Round "1"]
[White "Danilov, Alex"]
[Black "Ferguson, Peter"]
[Result "1-0"]
[WhiteElo "2034"]
[BlackElo "2161"]
[PlyCount "83"]
[EventDate "1994.11.25"]
[EventType "swiss"]
[EventRounds "5"]
[EventCountry "CAN"]
[SourceTitle "EXT 2022"]
[Source "ChessBase"]
[SourceDate "2021.10.06"]
[SourceVersion "1"]
[SourceVersionDate "2021.10.06"]
[SourceQuality "1"]

1. c4 f5 2. g3 Nf6 3. Bg2 e6 4. Nf3 Be7 5. 0-0 0-0 6. d3 d6 7. Nbd2 Qe8 8. e3 e5 9. c5 e4 10. cxd6 cxd6 11. dxe4 fxe4 12. Nxe4 Nxe4 13. Qd5+ Qf7 14. Qxe4 Nc6 15. Nd4 Nxd4 16. Qxd4 Be6 17. Bd2 Bf6 18. Qb4 a5 19. Qa3 Rac8 20. Bc3 Bc4 21. Qxa5 Rc5 22. Qb6 Bxf1 23. Rxf1 Bxc3 24. bxc3 Qxa2 25. Qxd6 Rcf5 26. Be4 R8f6 27. Qb8+ Rf8 28. Qxb7 R8f7 29. Qa8+ Qxa8 30. Bxa8 Rc5 31. c4 Rd7 32. Bd5+ Kf8 33. Rb1 Ra7 34. Rb8+ Ke7 35. Rh8 h6 36. Kg2 Ra2 37. h4 Rd2 38. Ra8 Kf6 39. g4 Ke5 40. Kf3 Kf6 41. Rf8+ Kg6 42. Be4+ 1-0

[Event "Masson op"]
[Site "Masson"]
[Date "1993.04.18"]
[Round "5"]
[White "Hergott, Deen"]
[Black "Ferguson, Peter"]
[Result "1-0"]
[WhiteElo "2527"]
[BlackElo "2200"]
[PlyCount "97"]
[EventDate "1993.04.17"]
[EventType "swiss"]
[EventRounds "5"]
[EventCountry "CAN"]
[SourceTitle "EXT 2022"]
[Source "ChessBase"]
[SourceDate "2021.10.06"]
[SourceVersion "1"]
[SourceVersionDate "2021.10.06"]
[SourceQuality "1"]

1. d4 Nf6 2. Nf3 g6 3. Bg5 Bg7 4. Nbd2 0-0 5. e4 d6 6. Bd3 c5 7. dxc5 dxc5 8. 0-0 Nc6 9. h3 Ne8 10. Nc4 b5 11. Ne3 c4 12. Be2 Nf6 13. a4 b4 14. e5 Ne4 15. Bxc4 Nxg5 16. Nxg5 Nxe5 17. Qxd8 Rxd8 18. Bd5 Ba6 19. Bxa8 Bxf1 20. Bb7 h6 21. Ne6 fxe6 22. Kxf1 Kf7 23. f4 Rb8 24. fxe5 Rxb7 25. Nc4 b3 26. cxb3 Rxb3 27. Ke2 h5 28. Rf1+ Ke8 29. Rf3 Rb4 30. b3 Kd8 31. Kd2 Bh6+ 32. Kc3 Rb8 33. Rg3 g5 34. Rd3+ Kc7 35. g4 hxg4 36. hxg4 Rf8 37. Rh3 Bg7 38. Rh5 Rf3+ 39. Kb4 a5+ 40. Kc5 Rxb3 41. Rh7 Bf8 42. Rf7 Bh6 43. Nxa5 Re3 44. Nc4 Re4 45. Rxe7+ Kd8 46. Rxe6 Bf8+ 47. Kd5 Rxg4 48. a5 Kd7 49. a6 1-0